LEADER 01069nam a2200277 i 4500 001 000000110950 003 CaOOAMICUS 005 20190415125211.0 008 021220s1988 it u000 u ita u 013 $a83631 020 $a88-420-3231-X 040 $aSeMil$bita 100 1 $aPettoello, Renato,$d<1953- >.$0(OLS)http://semarc/name/90034 245 10$aIntroduzione a Herbart /$cdi Renato Pettoello. 264 1$aRoma ; Bari :$bLaterza,$c1988. 300 $a183 p. ;$c18 cm. 490 0 $aI filosofi ;$v48 650 4$aHerbart, Johann Friedrich <1776-1841>.$0(OLS)http://semarc/subject/19778 830 2$aI filosofi ;$v48.$0(OLS)http://semarc/title/6925 850 $aSeMil 852 $aSeMil$W1$xVenegono$y1$m2LA M 48$j262319$B66798$CSeMilBibl$Z2$F73547 $81 961 $aAcquisto: Àncora (Libreria) 996 $6020$a88-420-3231-X$9(OLS)http://semarc/number/92933 996 $6245$aIntroduzione a Herbart$9(OLS)http://semarc/title/161357 996 $6264$aRoma ; Bari :$bLaterza$9(OLS)http://semarc/publisher/30305 LEADER 01351nam a2200325 i 4500 001 000000126900 003 CaOOAMICUS 005 20190614104525.0 008 070515s1992 it u000 u ita u 013 $a99608 020 $a88-339-0527-6 040 $aSeMil$bita 100 1 $aSen, Amartya,$d<1933- >.$0(OLS)http://semarc/name/52742 240 10$aResources, values and development.$0(OLS)http://semarc/title/187191 245 10$aRisorse, valori e sviluppo /$cAmartya Sen. 260 $aTorino :$bBollati Boringhieri,$c1992. 300 $aXLVI, 371 p. ;$c22 cm. 490 0 $aSaggi 500 $aContiene : Riferimenti bibliografici ; Bibliografia delle opere di Amartya Sen, 1986-91. - Fondo Card. C.M. Martini. 650 4$aSviluppo economico.$0(OLS)http://semarc/subject/2872 650 4$aRicchezza - Distribuzione.$0(OLS)http://semarc/subject/24851 830 0$aSaggi.$0(OLS)http://semarc/title/341 850 $aSeMil 852 $aSeMil$W1$xVenegono$y1$m3M III 148$j81244$B81244$CSeMilBibl$Z2$F123797 $81 941 1 $a4 961 $aOmaggio: Martini Card. Carlo Maria 996 $6020$a88-339-0527-6$9(OLS)http://semarc/number/113185 996 $6245$aRisorse, valori e sviluppo$9(OLS)http://semarc/title/187190 996 $6260$aTorino :$bBollati Boringhieri$9(OLS)http://semarc/publisher/31556